Tilastot visalle Suomessa havaitut lintulajit

Klikkaa tästä pelataksesi tätä visaa!

Yleistilastot

  • Tätä visaa on pelattu 400 kertaa
    (263 viimeisimmän päivityksen jälkeen)
  • Keskiarvotulos 242 / 483

Vastaustilastot

LahkoLaji% Oikein
Lahko 1Kyhmyjoutsen
98%
Lahko 1Laulujoutsen
98%
Lahko 1Sinisorsa
93%
Lahko 2Metso
92%
Lahko 1Valkoposkihanhi
92%
Lahko 1Pikkujoutsen
91%
Lahko 1Kanadanhanhi
91%
Lahko 1Metsähanhi
90%
Lahko 18Varis
89%
Lahko 7Hiirihaukka
89%
Lahko 2Teeri
89%
Lahko 18Harakka
89%
Lahko 7Merikotka
88%
Lahko 2Peltopyy
88%
Lahko 1Tukkasotka
88%
Lahko 1Tavi
88%
Lahko 7Kanahaukka
88%
Lahko 1Tundrahanhi
88%
Lahko 18Sinitiainen
87%
Lahko 8Kurki
87%
Lahko 9Kalalokki
87%
Lahko 4Silkkiuikku
87%
Lahko 2Pyy
87%
Lahko 18Mustarastas
87%
Lahko 1Haapana
86%
Lahko 7Maakotka
86%
Lahko 9Kuovi
86%
Lahko 13Huuhkaja
86%
Lahko 18Västäräkki
86%
Lahko 18Räkättirastas
86%
Lahko 18Hippiäinen
86%
Lahko 18Kiuru
86%
Lahko 18Talitiainen
86%
Lahko 9Kalatiira
85%
Lahko 18Laulurastas
85%
Lahko 17Palokärki
85%
Lahko 2Fasaani
85%
Lahko 18Peippo
84%
Lahko 13Hiiripöllö
84%
Lahko 18Punatulkku
84%
Lahko 18Kuukkeli
84%
Lahko 18Haarapääsky
83%
Lahko 7Tuulihaukka
83%
Lahko 6Harmaahaikara
83%
Lahko 9Selkälokki
83%
Lahko 18Naakka
83%
Lahko 3Kuikka
83%
Lahko 1Merihanhi
83%
Lahko 2Riekko
83%
Lahko 18Satakieli
83%
Lahko 1Telkkä
83%
Lahko 18Tilhi
83%
Lahko 18Räystäspääsky
82%
Lahko 18Hömötiainen
82%
Lahko 7Varpushaukka
82%
Lahko 9Pikkukuovi
82%
Lahko 1Lapasorsa
80%
Lahko 13Helmipöllö
80%
Lahko 15Tervapääsky
80%
Lahko 17Käpytikka
80%
Lahko 18Mustavaris
80%
Lahko 9Töyhtöhyyppä
80%
Lahko 7Piekana
80%
Lahko 18Keltasirkku
80%
Lahko 11Sepelkyyhky
80%
Lahko 9Liro
79%
Lahko 18Keltavästäräkki
79%
Lahko 9Lapintiira
79%
Lahko 9Pikkulokki
79%
Lahko 18Varpunen
79%
Lahko 7Sinisuohaukka
79%
Lahko 11Kalliokyyhky
79%
Lahko 13Sarvipöllö
79%
Lahko 18Punarinta
79%
Lahko 18Koskikara
79%
Lahko 13Varpuspöllö
79%
Lahko 13Lapinpöllö
79%
Lahko 2Kiiruna
79%
Lahko 3Kaakkuri
78%
Lahko 17Valkoselkätikka
78%
Lahko 1Haahka
78%
Lahko 6Kattohaikara
78%
Lahko 18Kuusitiainen
78%
Lahko 1Heinätavi
78%
Lahko 5Merimetso
78%
Lahko 1Alli
78%
Lahko 18Viherpeippo
78%
Lahko 18Korppi
77%
Lahko 6Jalohaikara
77%
Lahko 17Pikkutikka
77%
Lahko 9Tylli
77%
Lahko 18Kottarainen
77%
Lahko 18Pikkuvarpunen
76%
Lahko 12Käki
76%
Lahko 1Sepelhanhi
76%
Lahko 18Puukiipijä
76%
Lahko 1Kiljuhanhi
76%
Lahko 9Merilokki
76%
Lahko 13Lehtopöllö
76%
Lahko 9Taivaanvuohi
75%
Lahko 13Tunturipöllö
75%
Lahko 18Järripeippo
75%
Lahko 8Nokikana
75%
Lahko 7Nuolihaukka
75%
Lahko 18Törmäpääsky
75%
Lahko 18Sinirinta
75%
Lahko 9Harmaalokki
75%
Lahko 4Pikku-uikku
74%
Lahko 7Ampuhaukka
74%
Lahko 1Isokoskelo
74%
Lahko 9Naurulokki
74%
Lahko 9Valkoviklo
74%
Lahko 9Pikkutylli
74%
Lahko 1Uivelo
74%
Lahko 13Suopöllö
74%
Lahko 9Suokukko
74%
Lahko 18Närhi
73%
Lahko 1Harmaasorsa
73%
Lahko 4Mustakurkku-uikku
73%
Lahko 18Leppälintu
73%
Lahko 18Töyhtötiainen
73%
Lahko 1Lapasotka
73%
Lahko 18Kulorastas
73%
Lahko 9Isolokki
73%
Lahko 1Mandariinisorsa
72%
Lahko 11Uuttukyyhky
72%
Lahko 18Kivitasku
72%
Lahko 2Viiriäinen
72%
Lahko 1Tukkakoskelo
72%
Lahko 9Mustaviklo
72%
Lahko 1Punakaulahanhi
72%
Lahko 7Haarahaukka
72%
Lahko 13Tornipöllö
72%
Lahko 7Arosuohaukka
71%
Lahko 1Jouhisorsa
71%
Lahko 16Kuningaskalastaja
71%
Lahko 18Idänuunilintu
71%
Lahko 9Keräkurmitsa
71%
Lahko 18Sitruunavästäräkki
71%
Lahko 6Kaulushaikara
71%
Lahko 18Tikli
71%
Lahko 1Ristisorsa
70%
Lahko 1Pilkkasiipi
70%
Lahko 4Härkälintu
70%
Lahko 9Meriharakka
70%
Lahko 9Lunni
70%
Lahko 13Viirupöllö
70%
Lahko 7Mehiläishaukka
68%
Lahko 9Rantasipi
68%
Lahko 9Kapustarinta
68%
Lahko 8Liejukana
68%
Lahko 1Lyhytnokkahanhi
68%
Lahko 18Peltosirkku
68%
Lahko 18Rautiainen
68%
Lahko 18Sirittäjä
67%
Lahko 1Mustalintu
67%
Lahko 9Karikukko
67%
Lahko 18Pähkinähakki
67%
Lahko 18Pajulintu
67%
Lahko 8Ruisrääkkä
67%
Lahko 18Pulmunen
67%
Lahko 18Tiltaltti
66%
Lahko 1Pikkukanadanhanhi
66%
Lahko 1Tiibetinhanhi
66%
Lahko 9Suosirri
66%
Lahko 18Kuhankeittäjä
65%
Lahko 1Allihaahka
65%
Lahko 3Jääkuikka
65%
Lahko 1Amerikanhaapana
65%
Lahko 18Hernekerttu
65%
Lahko 18Vihervarpunen
65%
Lahko 9Pikkusirri
65%
Lahko 9Etelänkiisla
64%
Lahko 18Pikkulepinkäinen
64%
Lahko 9Isosirri
64%
Lahko 7Sääksi
64%
Lahko 7Tunturihaukka
64%
Lahko 18Pähkinänakkeli
64%
Lahko 9Pulmussirri
63%
Lahko 18Punakylkirastas
63%
Lahko 7Kiljukotka
63%
Lahko 18Pensastasku
63%
Lahko 18Ruokokerttunen
63%
Lahko 5Karimetso
63%
Lahko 9Lehtokurppa
62%
Lahko 9Lapinsirri
62%
Lahko 7Niittysuohaukka
61%
Lahko 18Pajusirkku
61%
Lahko 9Punajalkaviklo
61%
Lahko 1Ruostesorsa
61%
Lahko 9Räyskä
61%
Lahko 9Avosetti
60%
Lahko 1Sinisiipitavi
60%
Lahko 7Ruskosuohaukka
60%
Lahko 18Harmaasieppo
60%
Lahko 18Taviokuurna
60%
Lahko 13Kyläpöllönen
60%
Lahko 7Isohaarahaukka
60%
Lahko 1Amerikantavi
60%
Lahko 8Luhtahuitti
59%
Lahko 6Mustahaikara
59%
Lahko 9Jänkäsirriäinen
59%
Lahko 3Amerikanjääkuikka
59%
Lahko 7Käärmekotka
59%
Lahko 5Pelikaani
59%
Lahko 1Punasotka
59%
Lahko 8Pikkuhuitti
59%
Lahko 18Hemppo
59%
Lahko 18Kirjosieppo
58%
Lahko 13Minervanpöllö
58%
Lahko 9Merikihu
58%
Lahko 18Virtavästäräkki
58%
Lahko 9Ruokki
58%
Lahko 8Luhtakana
58%
Lahko 1Amerikantukkasotka
57%
Lahko 1Nokisorsa
57%
Lahko 9Tiiralokki
57%
Lahko 1Kyhmyhaahka
57%
Lahko 18Harmaasirkku
57%
Lahko 7Muuttohaukka
57%
Lahko 9Punakuiri
55%
Lahko 18Lapinuunilintu
55%
Lahko 18Metsäkirvinen
55%
Lahko 6Lehmähaikara
54%
Lahko 6Kapustahaikara
54%
Lahko 9Ohotanlokki
54%
Lahko 17Pohjantikka
54%
Lahko 9Jäälokki
54%
Lahko 18Taigarautiainen
54%
Lahko 18Kultarinta
54%
Lahko 18Peukaloinen
54%
Lahko 5Suula
53%
Lahko 18Lapinsirkku
53%
Lahko 9Palsasirri
53%
Lahko 9Mustapyrstökuiri
53%
Lahko 9Grönlanninlokki
53%
Lahko 9Amerikantaivaanvuohi
52%
Lahko 18Burjatianuunilintu
52%
Lahko 6Yöhaikara
52%
Lahko 18Urpiainen
52%
Lahko 18Viitakerttunen
52%
Lahko 9Ruusulokki
52%
Lahko 7Pikkukiljukotka
52%
Lahko 8Neitokurki
52%
Lahko 1Siperiantavi
51%
Lahko 16Sininärhi
51%
Lahko 16Harjalintu
51%
Lahko 8Hietakurki
51%
Lahko 8Kääpiöhuitti
51%
Lahko 9Eskimosirri
51%
Lahko 1Pilkkaniska
51%
Lahko 7Pikkukotka
51%
Lahko 9Siperiankurmitsa
51%
Lahko 9Pikkukajava
51%
Lahko 7Munkkikorppikotka
50%
Lahko 12Harakkakäki
50%
Lahko 7Aavikkohaukka
50%
Lahko 9Lampiviklo
50%
Lahko 8Kurnuliejukana
50%
Lahko 7Pikkukorppikotka
50%
Lahko 5Merikeiju
50%
Lahko 9Taigakuovi
49%
Lahko 9Isokihu
49%
Lahko 18Sepeltasku
49%
Lahko 18Tulipäähippiäinen
49%
Lahko 7Punajalkahaukka
49%
Lahko 1Virta-alli
49%
Lahko 9Vesipääsky
49%
Lahko 16Mehiläissyöjä
49%
Lahko 9Amerikankurmitsa
48%
Lahko 5Myrskykeiju
48%
Lahko 9Merisirri
48%
Lahko 9Pikkuruokki
48%
Lahko 18Vuorihemppo
48%
Lahko 1Kuparisorsa
47%
Lahko 9Metsäviklo
47%
Lahko 6Pronssi-iibis
47%
Lahko 6Rääkkähaikara
47%
Lahko 9Paksujalka
47%
Lahko 5Madeirankeiju
47%
Lahko 18Nunnatasku
46%
Lahko 1Punapäänarsku
46%
Lahko 6Pikkuhaikara
46%
Lahko 7Aromerikotka
46%
Lahko 1Pikkulapasotka
46%
Lahko 18Pikkusirkku
45%
Lahko 15Vaaleakiitäjä
45%
Lahko 18Siperianuunilintu
45%
Lahko 18Ruostepyrstö
45%
Lahko 1Kyhmypilkkasiipi
45%
Lahko 9Pitkäjalka
43%
Lahko 7Pikkutuulihaukka
43%
Lahko 9Aavikkotylli
43%
Lahko 9Pohjankiisla
43%
Lahko 5Myrskylintu
43%
Lahko 18Ruosterastas
43%
Lahko 18Kultasirkku
43%
Lahko 17Käenpiika
42%
Lahko 18Pikkukäpylintu
42%
Lahko 9Jänkäkurppa
42%
Lahko 18Luotokirvinen
41%
Lahko 18Nokitasku
41%
Lahko 18Niittykirvinen
41%
Lahko 4Mustakaulauikku
41%
Lahko 18Iberiantiltaltti
41%
Lahko 17Tammitikka
41%
Lahko 6Silkkihaikara
41%
Lahko 11Turturikyyhky
40%
Lahko 9Siperiansirri
40%
Lahko 18Viiksitimali
40%
Lahko 18Pensaskerttu
40%
Lahko 9Tundrakurmitsa
40%
Lahko 18Mustapääsirkku
39%
Lahko 9Amerikansirri
39%
Lahko 18Lapinkirvinen
39%
Lahko 18Nokkavarpunen
39%
Lahko 18Sinipyrstö
38%
Lahko 18Idännaakka
38%
Lahko 18Lehtokerttu
37%
Lahko 7Keisarikotka
37%
Lahko 1Ruskosotka
37%
Lahko 9Gobintylli
37%
Lahko 9Arohyyppä
36%
Lahko 9Kaspiantylli
36%
Lahko 3Tundrakuikka
36%
Lahko 6Ruskohaikara
36%
Lahko 12Idänkäki
36%
Lahko 9Mustanmerenlokki
35%
Lahko 18Harmaapääsirkku
35%
Lahko 18Kangaskiuru
35%
Lahko 7Välimerenhaukka
35%
Lahko 18Isokirvinen
35%
Lahko 5Pikkuliitäjä
34%
Lahko 1Amerikanmustalintu
34%
Lahko 9Rantakurvi
34%
Lahko 9Välimerenlokki
34%
Lahko 18Pyrstötiainen
34%
Lahko 18Lapintiainen
34%
Lahko 18Balkaninuunilintu
34%
Lahko 8Isotrappi
33%
Lahko 17Harmaapäätikka
33%
Lahko 9Keltajalkaviklo
33%
Lahko 9Suohyyppä
33%
Lahko 11Turkinkyyhky
33%
Lahko 18Hippiäisuunilintu
33%
Lahko 18Ruskopääsirkku
33%
Lahko 9Ylänkötylli
33%
Lahko 7Arokotka
33%
Lahko 5Nokiliitäjä
32%
Lahko 9Pääskykahlaaja
32%
Lahko 18Isolepinkäinen
32%
Lahko 18Kashmirinuunilintu
32%
Lahko 18Alppirautiainen
32%
Lahko 8Pikkutrappi
32%
Lahko 9Pikkutiira
32%
Lahko 7Hanhikorppikotka
32%
Lahko 18Kettusirkku
32%
Lahko 18Nummikirvinen
32%
Lahko 18Mustakiuru
32%
Lahko 17Vihertikka
30%
Lahko 18Mongoliankirvinen
30%
Lahko 18Etelänsatakieli
30%
Lahko 18Rubiinisatakieli
30%
Lahko 18Isokäpylintu
30%
Lahko 9Riskilä
30%
Lahko 16Vihermehiläissyöjä
30%
Lahko 9Kuovisirri
30%
Lahko 18Kaukasianuunilintu
29%
Lahko 18Pikkukiuru
29%
Lahko 18Tundraurpiainen
29%
Lahko 18Mustapääkerttu
29%
Lahko 9Aasianpääskykahlaaja
29%
Lahko 18Arokiuru
29%
Lahko 18Pikkusieppo
29%
Lahko 9Preeriakahlaaja
28%
Lahko 9Etelänharmaalokki
28%
Lahko 18Kastanjasirkku
28%
Lahko 8Idänkaulustrappi
28%
Lahko 11Idänturturikyyhky
28%
Lahko 9Aropääskykahlaaja
27%
Lahko 18Pikkupajusirkku
27%
Lahko 9Mustajalkatylli
27%
Lahko 18Pussitiainen
27%
Lahko 18Sarakerttunen
27%
Lahko 9Kaitanokkalokki
27%
Lahko 14Kehrääjä
26%
Lahko 18Sepelrastas
26%
Lahko 7Arohiirihaukka
26%
Lahko 9Tundrakurppelo
25%
Lahko 10Arokyyhky
25%
Lahko 9Amerikansipi
25%
Lahko 18Mäntysirkku
24%
Lahko 18Kivikkorastas
24%
Lahko 18Tunturikiuru
23%
Lahko 9Valkoperäsirri
22%
Lahko 18Pohjansirkku
21%
Lahko 18Arotasku
21%
Lahko 18Punavarpunen
21%
Lahko 18Mustaleppälintu
21%
Lahko 18Mustakurkkurautiainen
21%
Lahko 18Kivikkosirkku
20%
Lahko 18Sarasirkkalintu
20%
Lahko 9Nokisiipilokki
20%
Lahko 18Viitatiainen
18%
Lahko 18Kirjosiipikäpylintu
18%
Lahko 18Lyhytvarvaskiuru
18%
Lahko 9Mustatiira
18%
Lahko 18Paksunokkakerttunen
18%
Lahko 9Tunturikihu
18%
Lahko 18Luhtakerttunen
18%
Lahko 18Rastaskerttunen
18%
Lahko 18Viitasirkkalintu
18%
Lahko 9Heinäkurppa
18%
Lahko 18Aavikkotasku
17%
Lahko 18Keltahemppo
17%
Lahko 18Pensassirkkalintu
17%
Lahko 18Rytikerttunen
16%
Lahko 18Punakottarainen
15%
Lahko 18Taigakirvinen
15%
Lahko 18Taigauunilintu
15%
Lahko 18Sepelsieppo
15%
Lahko 18Kirjokerttu
14%
Lahko 9Riuttatiira
14%
Lahko 18Töyhtökiuru
13%
Lahko 18Mustakaularastas
13%
Lahko 18Ruokosirkkalintu
12%
Lahko 18Viirusirkkalintu
12%
Lahko 18Tundrakirvinen
12%
Lahko 18Ruostepääsky
12%
Lahko 9Aavikkojuoksija
12%
Lahko 18Mustaotsalepinkäinen
12%
Lahko 18Sinirastas
12%
Lahko 9Isovesipääsky
12%
Lahko 15Häätökiitäjä
12%
Lahko 18Valkopäätiainen
11%
Lahko 18Aavikkotulkku
10%
Lahko 18Mustapäätasku
10%
Lahko 18Kivikkosatakieli
10%
Lahko 18Pikkukultarinta
10%
Lahko 9Valkosiipitiira
10%
Lahko 9Aroharmaalokki
10%
Lahko 18Harmaakurkkurastas
9%
Lahko 9Tundravikla
9%
Lahko 18Kenttäkerttunen
8%
Lahko 18Ruskouunilintu
8%
Lahko 9Preerianaurulokki
8%
Lahko 18Pensasvarpunen
8%
Lahko 9Hietatiira
8%
Lahko 9Leveäpyrstökihu
8%
Lahko 18Punapyrstölepinkäinen
7%
Lahko 18Rusorintakerttu
7%
Lahko 9Valkoposkitiira
7%
Lahko 9Amerikanvesipääsky
7%
Lahko 18Vuoriuunilintu
7%
Lahko 18Kalliopääsky
5%
Lahko 9Siperiankurppa
5%
Lahko 18Ylänkökiuru
5%
Lahko 18Idänpikkusieppo
5%
Lahko 18Rusotasku
5%
Lahko 9Pitkäkoipisirri
5%
Lahko 18Amurinuunilintu
5%
Lahko 18Samettipääkerttu
5%
Lahko 18Etelänisolepinkäinen
5%
Lahko 18Punapäälepinkäinen
5%
Lahko 18Valko-otsalepinkäinen
5%
Lahko 18Sitruunahemppo
5%
Lahko 18Korpirastas
5%
Lahko 18Kirjorastas
5%
Lahko 18Valkokurkkusirkku
4%
Lahko 9Suippopyrstösirri
4%
Lahko 18Ruskokerttu
4%
Lahko 18Ruostesiipirastas
4%
Lahko 18Mustakurkkukerttu
4%
Lahko 18Kääpiökerttu
4%
Lahko 15Alppikiitäjä
3%
Lahko 15Piikkipyrstökiitäjä
3%
Lahko 9Rusokaulasirri
3%
Lahko 18Viirukerttuli
3%
Lahko 18Ruostekurkkusirkku
3%
Lahko 18Valkosiipikiuru
3%
Lahko 18Vaaleakultarinta
3%
Lahko 18Aavikkokultarinta
3%
Lahko 9Preeriaviklo
2%

Tulosjakauma

Persentiili vastausten määrän mukaan

Jokaisen tuloksen saaneiden osuus

Tuloshistoriasi

Et ole pelannut tätä visaa sen viimeisimmän päivityksen jälkeen